[Event "WY U-16 Chess Olympiad 2019"]
[Site "Corum"]
[Date "2019.11.05"]
[Round "9"]
[White "Aronyak Ghosh"]
[Black "Budisavljevic, Luka"]
[Result "1-0"]
[WhiteElo "2380"]
[BlackElo "2432"]
[Annotator "TA"]
[PlyCount "87"]
[EventDate "2019.10.28"]
[EventType "team-tourn"]
[EventCountry "TUR"]
[SourceTitle "playchess.com"]
[Source "ChessBase"]
[SourceQuality "1"]

1. Nf3 d5 2. g3 c6 3. Bg2 Bg4 4. O-O Nd7 5. d3 e6 6. e4 Bd6 7. h3 Bh5 8. exd5 cxd5 9. c4 Ne7 10. Nc3 O-O 11. cxd5 exd5 12. g4 Bg6 13. Nh4 Nc5 14. d4 Ne6 15. f4 Nc6 16. g5 Bb8 17. Be3 Qd6 18. Rf2 Ne7 19. Qb3 Nc7 20. f5 Qg3 21. Nxg6 hxg6 22. Bf4 Qd3 23. Nxd5 Ncxd5 24. Qxd3 Nxf4 25. Qe4 Nxf5 26. Qxb7 Bd6 27. Rxf4 Bxf4 28. Qxa8 Rxa8 29. Bxa8 Nxd4 30. Rd1 Bxg5 31. Kh1 Be3 32. Rd3 Nf5 33. Be4 Bb6 34. Bxf5 gxf5 35. Kg2 Kf8 36. Rd7 g6 37. b4 Kg7 38. a4 Kf6 39. a5 Be3 40. b5 Ke6 41. Rb7 f6 42. a6 Kd6 43. b6 Bxb6 44. Rxb6+ 1-0

[Event "WY U-16 Chess Olympiad 2019"]
[Site "Corum"]
[Date "2019.11.05"]
[Round "9"]
[White "Globus, Or"]
[Black "Stoyanov, Tsvetan"]
[Result "1/2-1/2"]
[WhiteElo "2371"]
[BlackElo "2377"]
[Annotator "TA"]
[PlyCount "30"]
[EventDate "2019.10.28"]
[EventType "team-tourn"]
[EventCountry "TUR"]
[SourceTitle "playchess.com"]
[Source "ChessBase"]
[SourceQuality "1"]

1. d4 d5 2. c4 e6 3. Nf3 Nf6 4. g3 Bb4+ 5. Bd2 Be7 6. Bg2 O-O 7. O-O c6 8. Qc2 b6 9. Rd1 Nbd7 10. Bf4 Bb7 11. Ne5 Rc8 12. Nc3 Nh5 13. Be3 Nhf6 14. Bf4 Nh5 15. Be3 Nhf6 1/2-1/2

[Event "WY U-16 Chess Olympiad 2019"]
[Site "Corum"]
[Date "2019.11.05"]
[Round "9"]
[White "Nurmamedov, Azat"]
[Black "Juksta, Karolis"]
[Result "1/2-1/2"]
[WhiteElo "2368"]
[BlackElo "2310"]
[Annotator "RC"]
[PlyCount "61"]
[EventDate "2019.10.28"]
[EventType "team-tourn"]
[EventCountry "TUR"]
[SourceTitle "playchess.com"]
[Source "ChessBase"]
[SourceQuality "1"]

1. e4 e6 2. d4 d5 3. Nc3 Nf6 4. Bg5 Be7 5. e5 Nfd7 6. Bxe7 Qxe7 7. f4 O-O 8. Nf3 c5 9. Qd2 Nc6 10. dxc5 Nxc5 11. Bd3 a6 12. O-O-O b5 13. Ne2 Bd7 14. Ned4 Nxd4 15. Nxd4 b4 16. Kb1 a5 17. g4 f6 18. Rde1 Bc8 19. Qe3 fxe5 20. Qxe5 Qf6 21. Rhf1 Qxe5 22. Rxe5 Ra7 23. Kc1 Raf7 24. f5 g6 25. Kd2 exf5 26. gxf5 Nxd3 27. cxd3 Bxf5 28. Rxd5 Be4 29. Rxf7 Bxd5 30. Rxf8+ Kxf8 31. Ke3 1/2-1/2

[Event "WY U-16 Chess Olympiad 2019"]
[Site "Corum"]
[Date "2019.11.05"]
[Round "9"]
[White "Can, Isik"]
[Black "Csiki, Endre"]
[Result "1/2-1/2"]
[WhiteElo "2361"]
[BlackElo "2287"]
[Annotator "TA"]
[PlyCount "131"]
[EventDate "2019.10.28"]
[EventType "team-tourn"]
[EventCountry "TUR"]
[SourceTitle "playchess.com"]
[Source "ChessBase"]
[SourceQuality "1"]

1. e4 c5 2. Nf3 e6 3. d4 cxd4 4. Nxd4 Nc6 5. Nc3 a6 6. Nxc6 bxc6 7. Bd3 d5 8. O-O Nf6 9. Re1 Be7 10. e5 Nd7 11. Qg4 g6 12. Bh6 Rb8 13. Nd1 Rb4 14. c4 dxc4 15. Bxc4 Qc7 16. a3 Nxe5 17. Rxe5 Rxc4 18. Qxc4 Qxe5 19. Qxc6+ Bd7 20. Qa8+ Bd8 21. Ne3 Ke7 22. Qa7 Bc7 23. Bg5+ Qxg5 24. Qxc7 Rc8 25. Qa7 Qb5 26. Rd1 Qc6 27. h3 f6 28. Ng4 Rc7 29. Qb8 h5 30. Nxf6 Bc8 31. Ne4 Qb7 32. Qxb7 Bxb7 33. Nc3 Rd7 34. Rxd7+ Kxd7 35. b4 Kd6 36. f3 Ke5 37. Kf2 Kd4 38. Na4 Bd5 39. h4 e5 40. Ke2 e4 41. f4 e3 42. g3 Bc4+ 43. Kf3 Bd5+ 44. Ke2 Bc4+ 45. Kf3 Bd5+ 46. Ke2 Bc4+ 47. Ke1 Ke4 48. Nb6 Bb5 49. a4 Be8 50. Ke2 Bf7 51. b5 axb5 52. a5 b4 53. a6 Be8 54. a7 Bb5+ 55. Kd1 Bc6 56. Nc4 b3 57. Ke2 Kd4 58. Nxe3 b2 59. Nc2+ Kc3 60. Na3 Kb3 61. Nb1 Kc2 62. Na3+ Kb3 63. Nb1 Kc2 64. Na3+ Kb3 65. Nb1 Kc2 66. Na3+ 1/2-1/2

[Event "WY U-16 Chess Olympiad 2019"]
[Site "Corum"]
[Date "2019.11.05"]
[Round "9"]
[White "Manafov, Vugar"]
[Black "Zhang, Xiao"]
[Result "1/2-1/2"]
[WhiteElo "2357"]
[BlackElo "2053"]
[Annotator "TA"]
[PlyCount "65"]
[EventDate "2019.10.28"]
[EventType "team-tourn"]
[EventCountry "TUR"]
[SourceTitle "playchess.com"]
[Source "ChessBase"]
[SourceQuality "1"]

1. d4 Nf6 2. c4 e6 3. Nc3 Bb4 4. e3 O-O 5. Bd3 d5 6. a3 Bxc3+ 7. bxc3 dxc4 8. Bxc4 c5 9. Ne2 Qc7 10. Bd3 b6 11. e4 cxd4 12. cxd4 Ba6 13. O-O Bxd3 14. Qxd3 Nbd7 15. e5 Nd5 16. Bd2 Rfc8 17. Rfc1 Qb7 18. Ng3 Rxc1+ 19. Rxc1 Rc8 20. Rxc8+ Qxc8 21. Ne4 Nf8 22. Nd6 Qc6 23. h4 f5 24. h5 Qa4 25. Bc1 Qc6 26. Bd2 Qa4 27. Be3 Qa5 28. Kf1 a6 29. h6 Ng6 30. hxg7 Kxg7 31. g3 b5 32. Bd2 Qb6 33. Ke1 1/2-1/2

[Event "WY U-16 Chess Olympiad 2019"]
[Site "Corum"]
[Date "2019.11.05"]
[Round "9"]
[White "Katopodis, Dimitrios"]
[Black "Vuckovic, Marko"]
[Result "1-0"]
[WhiteElo "2353"]
[BlackElo "2054"]
[Annotator "TA"]
[PlyCount "81"]
[EventDate "2019.10.28"]
[EventType "team-tourn"]
[EventCountry "TUR"]
[SourceTitle "playchess.com"]
[Source "ChessBase"]
[SourceQuality "1"]

1. d4 Nf6 2. Nf3 e6 3. c4 Bb4+ 4. Bd2 c5 5. Bxb4 cxb4 6. g3 O-O 7. Bg2 a5 8. O-O d6 9. a3 Na6 10. Nbd2 Qc7 11. Rc1 b6 12. Ne1 Bb7 13. Bxb7 Qxb7 14. Nd3 b5 15. axb4 bxc4 16. Nxc4 axb4 17. Qb3 d5 18. Na5 Qb6 19. Nc6 Ne4 20. Rfd1 Nd6 21. Nde5 Qb7 22. Qa4 Rfc8 23. Na5 Qb6 24. Nd7 Qd8 25. Rxc8 Rxc8 26. Ne5 Qe8 27. Qxe8+ Rxe8 28. Nac6 f6 29. Nd3 Nb5 30. Ra1 Nbc7 31. Ndxb4 Nxb4 32. Nxb4 Rb8 33. Nd3 Nb5 34. e3 Kf7 35. Ra6 g5 36. Nc5 e5 37. Nd7 Rb7 38. dxe5 fxe5 39. Nxe5+ Ke7 40. Rh6 Ke8 41. Ng4 1-0

[Event "WY U-16 Chess Olympiad 2019"]
[Site "Corum"]
[Date "2019.11.05"]
[Round "9"]
[White "Malovanyi, Yulian"]
[Black "Kasimov, Ali"]
[Result "1/2-1/2"]
[WhiteElo "2351"]
[BlackElo "2166"]
[Annotator "TA"]
[PlyCount "81"]
[EventDate "2019.10.28"]
[EventType "team-tourn"]
[EventCountry "TUR"]
[SourceTitle "playchess.com"]
[Source "ChessBase"]
[SourceQuality "1"]

1. e4 c5 2. Nc3 Nc6 3. Nge2 d6 4. g3 g6 5. Bg2 Bg7 6. O-O Nf6 7. d3 O-O 8. h3 Rb8 9. Nd5 Nxd5 10. exd5 Nd4 11. Re1 Nxe2+ 12. Rxe2 e5 13. dxe6 Bxe6 14. c3 Qd7 15. Kh2 b5 16. d4 cxd4 17. cxd4 Qc7 18. Rc2 Qa5 19. Bf4 Rfd8 20. d5 Bf5 21. Re2 h5 22. Rc1 Bf8 23. a3 Re8 24. Rc6 Bd7 25. Rxe8 Rxe8 26. Bd2 Qa4 27. Qxa4 bxa4 28. Rc7 Re2 29. Be3 Bf5 30. Rxa7 Bg7 31. Rxa4 Rxb2 32. Ra8+ Kh7 33. Bf3 Be5 34. Kg2 Ra2 35. a4 Bd3 36. a5 h4 37. gxh4 Ra1 38. Rc8 Bf1+ 39. Kg1 Be2+ 40. Kg2 Bf1+ 41. Kg1 1/2-1/2

[Event "WY U-16 Chess Olympiad 2019"]
[Site "Corum"]
[Date "2019.11.05"]
[Round "9"]
[White "Petkov, Momchil"]
[Black "Cohen Revivo, Shoham"]
[Result "1/2-1/2"]
[WhiteElo "2333"]
[BlackElo "2295"]
[Annotator "TA"]
[PlyCount "118"]
[EventDate "2019.10.28"]
[EventType "team-tourn"]
[EventCountry "TUR"]
[SourceTitle "playchess.com"]
[Source "ChessBase"]
[SourceQuality "1"]

1. d4 d5 2. c4 c6 3. Nf3 Nf6 4. e3 Bf5 5. Nc3 e6 6. Nh4 Be4 7. f3 Bg6 8. Qb3 Qc7 9. Bd2 Be7 10. O-O-O O-O 11. Nxg6 hxg6 12. Kb1 dxc4 13. Bxc4 b5 14. Be2 a6 15. e4 c5 16. dxc5 Bxc5 17. Rc1 Nbd7 18. g4 Qb6 19. h4 Bd4 20. h5 Nc5 21. Qb4 Rfd8 22. hxg6 fxg6 23. e5 Bxc3 24. Qxc3 Na4 25. Qe3 Qxe3 26. Bxe3 Nd5 27. Bg5 Rdc8 28. Bd3 Kf7 29. Be4 Nab6 30. f4 Rxc1+ 31. Rxc1 Rh8 32. Rc6 Rh2 33. a3 Re2 34. Bxd5 Nxd5 35. Rxa6 b4 36. Ra7+ Kg8 37. Ka2 bxa3 38. Kxa3 Re4 39. Ra4 Re3+ 40. b3 Re2 41. Rc4 Kf7 42. Rd4 Ke8 43. Ka4 Kd7 44. Kb5 Rg2 45. b4 Rxg4 46. Kc5 Rg2 47. Rxd5+ exd5 48. Kxd5 Rd2+ 49. Kc5 Rc2+ 50. Kb6 Rc6+ 51. Ka5 Rc2 52. b5 Kc7 53. Kb4 Rb2+ 54. Kc5 Kd7 55. Kb6 Rb1 56. Kc5 Rb2 57. Bh4 Rc2+ 58. Kb6 Rb2 59. Bg5 Rb1 1/2-1/2

[Event "WY U-16 Chess Olympiad 2019"]
[Site "Corum"]
[Date "2019.11.05"]
[Round "9"]
[White "Sprenar, Petr"]
[Black "Kwong, Wing Ki"]
[Result "1-0"]
[WhiteElo "2329"]
[BlackElo "1822"]
[Annotator "TA"]
[PlyCount "75"]
[EventDate "2019.10.28"]
[EventType "team-tourn"]
[EventCountry "TUR"]
[SourceTitle "playchess.com"]
[Source "ChessBase"]
[SourceQuality "1"]

1. d4 Nf6 2. c4 e6 3. g3 d5 4. Nf3 c6 5. Qc2 Nbd7 6. Bg2 Bb4+ 7. Nbd2 Ne4 8. a3 Nxd2 9. Nxd2 Ba5 10. O-O O-O 11. e4 Bb6 12. c5 Bc7 13. e5 f6 14. f4 a5 15. Nf3 b6 16. cxb6 Nxb6 17. exf6 gxf6 18. Qxc6 Bd7 19. Qc2 Rc8 20. Qe2 a4 21. f5 Re8 22. fxe6 Rxe6 23. Qd1 Qe7 24. Nh4 Bb5 25. Nf5 Qd7 26. Qg4+ Kh8 27. Bh6 Rg8 28. Bg7+ Rxg7 29. Nxg7 Qxg7 30. Qxe6 f5 31. Qxf5 Bxf1 32. Rxf1 Qxd4+ 33. Kh1 Qg7 34. Bxd5 Nxd5 35. Qxd5 Qe7 36. Qf7 Qe4+ 37. Qf3 Qxf3+ 38. Rxf3 1-0

[Event "WY U-16 Chess Olympiad 2019"]
[Site "Corum"]
[Date "2019.11.05"]
[Round "9"]
[White "Stefansson, Vignir Vatnar"]
[Black "Sahidi, Samir"]
[Result "0-1"]
[WhiteElo "2327"]
[BlackElo "2374"]
[Annotator "TA"]
[PlyCount "161"]
[EventDate "2019.10.28"]
[EventType "team-tourn"]
[EventCountry "TUR"]
[SourceTitle "playchess.com"]
[Source "ChessBase"]
[SourceQuality "1"]

1. d4 Nf6 2. c4 e6 3. Nc3 Bb4 4. e3 Bxc3+ 5. bxc3 O-O 6. Ba3 Re8 7. Bd3 Nc6 8. e4 e5 9. d5 Nb8 10. c5 d6 11. cxd6 cxd6 12. Qb3 Qc7 13. Ne2 Nbd7 14. O-O b6 15. Ng3 Nc5 16. Bxc5 Qxc5 17. Qb4 Qc7 18. a4 a5 19. Qa3 Bd7 20. Rfb1 Rec8 21. Rb3 Rab8 22. Rab1 Be8 23. Nf5 Rd8 24. Qc1 h6 25. Qb2 Nd7 26. Bc2 Kh7 27. c4 f6 28. Rh3 Nf8 29. Qc1 Bg6 30. Ne3 Nd7 31. Ng4 Kg8 32. Rg3 Nf8 33. h4 h5 34. Ne3 Rdc8 35. Rb5 Qf7 36. Qa3 Rc5 37. Rb1 Kh7 38. Rf1 Nd7 39. Bd3 Rbc8 40. Rd1 Kh8 41. Rd2 Bh7 42. Kf1 g6 43. Rf3 Qe7 44. Bc2 Rg8 45. Rh3 Rcc8 46. Ke2 Qf8 47. Rf3 Nc5 48. Qb2 Rb8 49. Rd1 Qg7 50. Rh1 Rgf8 51. Qb1 Qd7 52. Qb5 Qxb5 53. cxb5 Rbc8 54. Kd2 Kg7 55. Rg3 Kf7 56. Rc1 Ke7 57. Nc4 Nd7 58. Bb3 Rc5 59. Re3 Bg8 60. f3 f5 61. Rce1 Rfc8 62. Rc3 Bf7 63. Rec1 Rg8 64. Ne3 f4 65. Nc4 g5 66. hxg5 Rxg5 67. Rg1 h4 68. Ke2 h3 69. Kf2 hxg2 70. Rxg2 Rc8 71. Rc1 Rcg8 72. Bc2 Nc5 73. Rh1 Nd7 74. Bb3 Rc8 75. Rh7 Nc5 76. Bc2 Rc7 77. Bd3 Nxa4 78. Ke2 Nc5 79. Nxb6 a4 80. Bc4 a3 81. Na4 0-1

[Event "WY U-16 Chess Olympiad 2019"]
[Site "Corum"]
[Date "2019.11.05"]
[Round "9"]
[White "Veiga, Jose Francisco R P N"]
[Black "Lashkin, Jegor"]
[Result "0-1"]
[WhiteElo "2325"]
[BlackElo "2304"]
[Annotator "RC"]
[PlyCount "110"]
[EventDate "2019.10.28"]
[EventType "team-tourn"]
[EventCountry "TUR"]
[SourceTitle "playchess.com"]
[Source "ChessBase"]
[SourceQuality "1"]

1. e4 c5 2. Nf3 d6 3. Bb5+ Nd7 4. O-O Ngf6 5. Re1 a6 6. Bd3 e6 7. c3 b5 8. Bc2 Bb7 9. d4 Be7 10. Nbd2 Qc7 11. Nf1 O-O 12. Ng3 Rfc8 13. Bd3 Bf8 14. Qe2 g6 15. a4 c4 16. Bc2 e5 17. h4 h5 18. Ng5 Bg7 19. f3 Re8 20. d5 Nc5 21. Be3 Rab8 22. Rf1 Re7 23. Qf2 Bc8 24. Qe2 Bd7 25. axb5 axb5 26. Ra2 b4 27. cxb4 Rxb4 28. Bd2 Rb7 29. Ba5 Qc8 30. Bc3 Nb3 31. Bxb3 Qc5+ 32. Qf2 Qxf2+ 33. Kxf2 cxb3 34. Ra8+ Re8 35. Rfa1 Rbb8 36. Rxb8 Rxb8 37. Ra6 Bf8 38. Ne2 Bc8 39. Ra7 Nd7 40. Nc1 Be7 41. Rc7 Bd8 42. Rc6 Nc5 43. Rxd6 Be7 44. Rc6 Bd7 45. Rc7 Bd6 46. Ra7 f6 47. Ne6 Bxe6 48. dxe6 Nxe4+ 49. fxe4 Bc5+ 50. Ke2 Bxa7 51. Kd3 Kf8 52. Kc4 Ke7 53. Nxb3 Kxe6 54. Na5 Rc8+ 55. Kb5 Bd4 0-1

[Event "WY U-16 Chess Olympiad 2019"]
[Site "Corum"]
[Date "2019.11.05"]
[Round "9"]
[White "Borhy, Marcell"]
[Black "Kizilkus, Akin"]
[Result "1/2-1/2"]
[WhiteElo "2321"]
[BlackElo "2381"]
[Annotator "RC"]
[PlyCount "59"]
[EventDate "2019.10.28"]
[EventType "team-tourn"]
[EventCountry "TUR"]
[SourceTitle "playchess.com"]
[Source "ChessBase"]
[SourceQuality "1"]

1. Nf3 Nf6 2. g3 g6 3. c4 Bg7 4. d4 O-O 5. Bg2 d5 6. cxd5 Nxd5 7. O-O Nb6 8. Nc3 Nc6 9. d5 Na5 10. Qc2 Nxd5 11. Rd1 c6 12. Ne1 Bd7 13. Nxd5 cxd5 14. Rxd5 e6 15. Rd3 Qc8 16. Qxc8 Bxc8 17. Bd2 Nc4 18. Bc3 Rb8 19. Bxg7 Kxg7 20. b3 Ne5 21. Rd6 b6 22. Nd3 Nxd3 23. Rxd3 Bb7 24. Rd7 Bxg2 25. Kxg2 Rfc8 26. Rad1 a5 27. R1d6 Kf8 28. Ra7 Rd8 29. Rc6 Rdc8 30. Rd6 1/2-1/2

[Event "WY U-16 Chess Olympiad 2019"]
[Site "Corum"]
[Date "2019.11.05"]
[Round "9"]
[White "Sargsyan, Tigran R."]
[Black "Runets, Ivan"]
[Result "0-1"]
[WhiteElo "2321"]
[BlackElo "2288"]
[Annotator "TA"]
[PlyCount "86"]
[EventDate "2019.10.28"]
[EventType "team-tourn"]
[EventCountry "TUR"]
[SourceTitle "playchess.com"]
[Source "ChessBase"]
[SourceQuality "1"]

1. d4 Nf6 2. c4 e6 3. Nf3 d5 4. g3 Be7 5. Bg2 O-O 6. O-O dxc4 7. Qc2 a6 8. a4 Bd7 9. Qxc4 Bc6 10. Bf4 Bd6 11. Qc1 Nbd7 12. Nc3 Qe7 13. Rd1 h6 14. Re1 Bxf4 15. Qxf4 Qd6 16. Qh4 Qb4 17. e4 b6 18. Re2 Bb7 19. Rd1 Rad8 20. g4 Nh7 21. Qg3 Qd6 22. e5 Qe7 23. h4 Rfe8 24. g5 hxg5 25. Nxg5 Bxg2 26. Kxg2 Ndf8 27. Nf3 c5 28. Ne4 Rd5 29. Nd6 Rd8 30. Red2 f5 31. dxc5 Rxd2 32. Rxd2 bxc5 33. Qf4 Rb8 34. Qc4 Qa7 35. Qa2 Rb4 36. Nc4 Qb7 37. Rd3 Qe4 38. Rc3 Ng6 39. Nd6 Qg4+ 40. Kf1 Nf4 41. Re3 Qg2+ 42. Ke1 Qh1+ 43. Kd2 Qf1 0-1

[Event "WY U-16 Chess Olympiad 2019"]
[Site "Corum"]
[Date "2019.11.05"]
[Round "9"]
[White "Milosevic, Milos"]
[Black "Srihari, L."]
[Result "0-1"]
[WhiteElo "2312"]
[BlackElo "2102"]
[Annotator "TA"]
[PlyCount "64"]
[EventDate "2019.10.28"]
[EventType "team-tourn"]
[EventCountry "TUR"]
[SourceTitle "playchess.com"]
[Source "ChessBase"]
[SourceQuality "1"]

1. e4 g6 2. d4 Bg7 3. Nc3 d5 4. exd5 Nf6 5. Bb5+ Nbd7 6. Nf3 O-O 7. Bf4 Nb6 8. Be5 Nfxd5 9. Bxg7 Kxg7 10. Qd2 Bg4 11. Ne4 Bxf3 12. gxf3 Nf6 13. Be2 Qd5 14. Nc3 Qf5 15. O-O-O Nbd5 16. Kb1 Nf4 17. Bc4 c6 18. Rhe1 N4d5 19. Nxd5 cxd5 20. Bd3 Qd7 21. h4 Nh5 22. Re5 f6 23. Re2 e6 24. Rde1 Rae8 25. f4 Kf7 26. f3 a6 27. Rg1 Rg8 28. Reg2 Qd6 29. f5 exf5 30. Qh6 Qf4 31. Qxh7+ Rg7 32. Qxh5 Qe3 0-1

[Event "WY U-16 Chess Olympiad 2019"]
[Site "Corum"]
[Date "2019.11.05"]
[Round "9"]
[White "Daggupati, Balaji"]
[Black "Vettese, Nicholas"]
[Result "1/2-1/2"]
[WhiteElo "2310"]
[BlackElo "2235"]
[Annotator "TA"]
[PlyCount "92"]
[EventDate "2019.10.28"]
[EventType "team-tourn"]
[EventCountry "TUR"]
[SourceTitle "playchess.com"]
[Source "ChessBase"]
[SourceQuality "1"]

1. e4 Nf6 2. e5 Nd5 3. d4 d6 4. c4 Nb6 5. exd6 exd6 6. Nc3 Be7 7. Bd3 Nc6 8. Be3 O-O 9. Nge2 Bf6 10. O-O Re8 11. c5 dxc5 12. dxc5 Nd7 13. Qc2 h6 14. Rad1 Nce5 15. Bf5 Nc4 16. Bf4 Qe7 17. Ng3 c6 18. Nce4 Nde5 19. b3 Na3 20. Qc1 Nb5 21. Nd6 Nxd6 22. cxd6 Qd8 23. Bxc8 Rxc8 24. Bxe5 Rxe5 25. Qf4 Rd5 26. Rxd5 cxd5 27. Rd1 Rc5 28. Nf5 d4 29. Re1 d3 30. g3 Qd7 31. Ne7+ Kh8 32. Rd1 Bxe7 33. dxe7 Qxe7 34. Rxd3 Rc8 35. Qa4 a6 36. Rd7 Rc1+ 37. Kg2 Qe1 38. Qd4 Qh1+ 39. Kh3 Qf3 40. Qf4 Qxf4 41. gxf4 Rc2 42. Rxf7 Rxa2 43. Rxb7 Rxf2 44. Kg3 Rb2 45. h4 a5 46. Rb5 g6 1/2-1/2

[Event "WY U-16 Chess Olympiad 2019"]
[Site "Corum"]
[Date "2019.11.05"]
[Round "9"]
[White "Stearman, Josiah"]
[Black "Talukdar, Rohan"]
[Result "0-1"]
[WhiteElo "2310"]
[BlackElo "2369"]
[Annotator "TA"]
[PlyCount "58"]
[EventDate "2019.10.28"]
[EventType "team-tourn"]
[EventCountry "TUR"]
[SourceTitle "playchess.com"]
[Source "ChessBase"]
[SourceQuality "1"]

1. d4 Nf6 2. c4 g6 3. f3 d5 4. cxd5 Nxd5 5. e4 Nb6 6. Nc3 Bg7 7. Be3 O-O 8. Qd2 Nc6 9. O-O-O f5 10. e5 Nb4 11. Nh3 a5 12. Bh6 Be6 13. Bxg7 Kxg7 14. Nf4 Nxa2+ 15. Nxa2 Bxa2 16. d5 Kg8 17. h4 c6 18. b3 Bxb3 19. h5 Nxd5 20. hxg6 h5 21. Bc4 Bxc4 22. Nxd5 f4 23. g7 Kxg7 24. Rxh5 cxd5 25. Qc2 Kf7 26. Rg5 Ke8 27. Rg7 Qb6 28. Rd2 a4 29. Qh7 Qc5 0-1

[Event "WY U-16 Chess Olympiad 2019"]
[Site "Corum"]
[Date "2019.11.05"]
[Round "9"]
[White "Ceres, Dragos"]
[Black "Martins, Bruno Andre Leite"]
[Result "1-0"]
[WhiteElo "2302"]
[BlackElo "2284"]
[Annotator "RC"]
[PlyCount "67"]
[EventDate "2019.10.28"]
[EventType "team-tourn"]
[EventCountry "TUR"]
[SourceTitle "playchess.com"]
[Source "ChessBase"]
[SourceQuality "1"]

1. e4 c5 2. Nf3 Nc6 3. Bb5 g6 4. O-O Bg7 5. Nc3 e5 6. a3 Nge7 7. d3 O-O 8. b4 d6 9. bxc5 dxc5 10. Bc4 h6 11. Rb1 b6 12. Re1 Kh7 13. Nd5 Be6 14. Nxe7 Qxe7 15. Bd5 Qd6 16. c4 Rac8 17. Bd2 Rfe8 18. h3 f5 19. Bc3 Nd4 20. Bxd4 exd4 21. Bxe6 Qxe6 22. Qa4 fxe4 23. Rxe4 Qf7 24. Rbe1 Rxe4 25. Rxe4 Rc7 26. Nd2 Qf5 27. Qd1 Rf7 28. Qe2 Bf6 29. h4 h5 30. Nf3 Kg7 31. Re6 Qf4 32. g3 Qc7 33. Qe4 Qb7 34. Rxf6 1-0

[Event "WY U-16 Chess Olympiad 2019"]
[Site "Corum"]
[Date "2019.11.05"]
[Round "9"]
[White "Haring, Filip"]
[Black "Briem, Stephan"]
[Result "1/2-1/2"]
[WhiteElo "2294"]
[BlackElo "2199"]
[Annotator "TA"]
[PlyCount "122"]
[EventDate "2019.10.28"]
[EventType "team-tourn"]
[EventCountry "TUR"]
[SourceTitle "playchess.com"]
[Source "ChessBase"]
[SourceQuality "1"]

1. e4 e6 2. d4 d5 3. Nc3 dxe4 4. Nxe4 Nd7 5. Nf3 Ngf6 6. Bd3 c5 7. O-O cxd4 8. Nxf6+ Nxf6 9. Nxd4 Be7 10. c3 O-O 11. Bf4 Qb6 12. Qb3 Nd5 13. Be5 Bf6 14. Rfe1 Bd7 15. Bc4 Bc6 16. Nxc6 bxc6 17. Bg3 Rfd8 18. Qc2 Rd7 19. Bd3 g6 20. Be4 Rad8 21. Bf3 h5 22. h3 Kg7 23. Rad1 Qc5 24. Qa4 Qb5 25. Qb3 a6 26. Be2 Qxb3 27. axb3 h4 28. Bh2 a5 29. Ra1 Rb7 30. Bd1 Ra8 31. Re4 Nb6 32. Kf1 Rd7 33. Bf3 Rd2 34. Re2 Rxe2 35. Kxe2 Nd5 36. Ra4 Nb6 37. Bxc6 Nxa4 38. Bxa8 Nc5 39. b4 axb4 40. cxb4 Na4 41. Bc6 Nxb2 42. Bb5 Bc3 43. Bd6 e5 44. Kf3 f5 45. Ke3 Kf6 46. f4 exf4+ 47. Kxf4 Nd1 48. Bc6 Bd4 49. b5 Nc3 50. Kf3 Bb6 51. Bb4 Na4 52. Ke2 Nc5 53. Kd2 Ke5 54. Kc3 Ne4+ 55. Kc4 Nd6+ 56. Kb3 Ne4 57. Be7 Bf2 58. Kb4 Kf4 59. Ka5 Kg3 60. b6 Kxg2 61. Bxh4 Kxh3 1/2-1/2

[Event "WY U-16 Chess Olympiad 2019"]
[Site "Corum"]
[Date "2019.11.05"]
[Round "9"]
[White "Hua, Eugene"]
[Black "Ke, Ivan"]
[Result "1-0"]
[WhiteElo "2285"]
[BlackElo "2321"]
[Annotator "TA"]
[PlyCount "89"]
[EventDate "2019.10.28"]
[EventType "team-tourn"]
[EventCountry "TUR"]
[SourceTitle "playchess.com"]
[Source "ChessBase"]
[SourceQuality "1"]

1. c4 c5 2. Nc3 Nc6 3. Nf3 g6 4. g3 Bg7 5. Bg2 e5 6. O-O Nge7 7. a3 O-O 8. Rb1 a5 9. Ne1 d6 10. Nc2 Be6 11. Ne3 f5 12. Ned5 Kh8 13. d3 Bg8 14. Bg5 h6 15. Bxe7 Nxe7 16. b4 Nxd5 17. Nxd5 cxb4 18. axb4 b6 19. bxa5 bxa5 20. Qa4 Bf7 21. Nb6 Be8 22. Bc6 Ra7 23. Rb3 e4 24. Rfb1 exd3 25. Rxd3 Bxc6 26. Qxc6 Qe8 27. Qxd6 Qxe2 28. Re3 Qc2 29. Rbe1 f4 30. gxf4 Qf5 31. Nd5 Rd7 32. Qe6 Rxd5 33. Qxd5 Qxf4 34. Qg2 Bd4 35. R3e2 a4 36. Kh1 a3 37. Re4 Qxf2 38. Qxf2 Bxf2 39. Re8 Rxe8 40. Rxe8+ Kg7 41. Ra8 Bc5 42. Ra6 h5 43. Kg2 Kh6 44. Kf3 Kg5 45. Ra5 1-0

[Event "WY U-16 Chess Olympiad 2019"]
[Site "Corum"]
[Date "2019.11.05"]
[Round "9"]
[White "Soto, Miguel Angel"]
[Black "Tengis, Tsog-Ochir"]
[Result "0-1"]
[WhiteElo "2283"]
[BlackElo "2111"]
[Annotator "TA"]
[PlyCount "96"]
[EventDate "2019.10.28"]
[EventType "team-tourn"]
[EventCountry "TUR"]
[SourceTitle "playchess.com"]
[Source "ChessBase"]
[SourceQuality "1"]

1. e4 e5 2. Nf3 Nc6 3. Bb5 Nf6 4. O-O Nxe4 5. d4 Nd6 6. Bxc6 dxc6 7. dxe5 Nf5 8. Qxd8+ Kxd8 9. h3 h5 10. Bg5+ Ke8 11. Nc3 Be6 12. a3 Be7 13. Rad1 Bxg5 14. Nxg5 Ke7 15. Nce4 Rad8 16. Nxe6 fxe6 17. Nc5 Rd5 18. b4 b6 19. Nd3 Rhd8 20. Rde1 g5 21. Re4 Nd4 22. Ne1 b5 23. g4 hxg4 24. hxg4 c5 25. Kg2 c4 26. Rh1 Rf8 27. Rh5 Rg8 28. Rh7+ Kd8 29. Kg3 Kc8 30. f4 gxf4+ 31. Kxf4 Rdd8 32. Ke3 Nc6 33. Nf3 Kb7 34. Rf4 a5 35. bxa5 Nxa5 36. Nd4 Rd5 37. Ke4 Rg5 38. Nf3 Rg8 39. g5 c3 40. Rf6 Rd2 41. Nd4 Rxg5 42. Nxb5 Re2+ 43. Kf4 Rgxe5 44. Nxc3 Re1 45. a4 Rc5 46. Ne4 Rc6 47. c3 Nc4 48. Ng3 Ne5 0-1

[Event "WY U-16 Chess Olympiad 2019"]
[Site "Corum"]
[Date "2019.11.05"]
[Round "9"]
[White "Lukin, Elisha"]
[Black "Peycheva, Gergana"]
[Result "1-0"]
[WhiteElo "2280"]
[BlackElo "2246"]
[Annotator "TA"]
[PlyCount "89"]
[EventDate "2019.10.28"]
[EventType "team-tourn"]
[EventCountry "TUR"]
[SourceTitle "playchess.com"]
[Source "ChessBase"]
[SourceQuality "1"]

1. d4 Nf6 2. c4 e6 3. Nc3 Bb4 4. e3 O-O 5. Bd3 d5 6. Nf3 c5 7. O-O cxd4 8. exd4 dxc4 9. Bxc4 Nbd7 10. Qe2 b6 11. d5 Bxc3 12. dxe6 Bb4 13. exf7+ Kh8 14. Bf4 Bb7 15. a3 Bxf3 16. Qxf3 Bc5 17. Rad1 a5 18. Rfe1 Ra7 19. g4 b5 20. Be6 Qb6 21. g5 Nh5 22. Qxh5 Bxf2+ 23. Kf1 Bxe1 24. Rxe1 Qd4 25. Be3 Qd3+ 26. Kg1 Ra6 27. Bf2 Rd6 28. Ba2 h6 29. Qg4 Qg6 30. h4 Rxf7 31. Bb1 Rd3 32. Qe2 Qf5 33. Bxd3 Qf4 34. Qe3 Qd6 35. Bg3 Qd5 36. Qe4 Qc5+ 37. Kg2 Nf8 38. gxh6 Kg8 39. Bb1 Rf6 40. hxg7 Ng6 41. h5 Qxh5 42. Ba2+ Kxg7 43. Qb7+ Kf8 44. Bd6+ Rxd6 45. Qf7# 1-0

[Event "WY U-16 Chess Olympiad 2019"]
[Site "Corum"]
[Date "2019.11.05"]
[Round "9"]
[White "Ivanovic, Marko"]
[Black "Utsab Chatterjee"]
[Result "0-1"]
[WhiteElo "2269"]
[BlackElo "2211"]
[Annotator "TA"]
[PlyCount "52"]
[EventDate "2019.10.28"]
[EventType "team-tourn"]
[EventCountry "TUR"]
[SourceTitle "playchess.com"]
[Source "ChessBase"]
[SourceQuality "1"]

1. e4 c5 2. Nf3 d6 3. d4 cxd4 4. Nxd4 Nf6 5. Bd3 g6 6. O-O Bg7 7. c4 O-O 8. Nc3 Nc6 9. Nf3 Bg4 10. h3 Bxf3 11. Qxf3 Nd7 12. Qe2 Rc8 13. Be3 Nde5 14. f4 Nxd3 15. Qxd3 Nb4 16. Qe2 Qc7 17. a3 Bxc3 18. axb4 Bxb4 19. b3 Bc5 20. Kh1 a6 21. Rad1 Bxe3 22. Qxe3 Qc5 23. Qg3 b5 24. cxb5 axb5 25. Qh4 Rfe8 26. f5 Qc2 0-1